000 01185nam a22003497a 4500
003 CHAP
005 20220817042646.0
008 971013s1995 us a r 00010 eng d
010 _a51347
011 _a52319
035 _a56469
040 _cCHAP
082 0 4 _a636.085
_bA53
100 0 0 _aAmmerman, Clarence B.
_95350
245 1 _aBioavalilability of nutrients for animals
_b: amino acids, minerals, and vitamins
260 _aSan Diego, Ca. :
_bAcademic Press,
_c1995
300 _a441 p.
_b: gráfs.
590 _aBATCH-UPD
_b10
_c20130110
_lUCH01
_h0511
590 _aBATCH-UPD
_b10
_c20130110
_lUCH01
_h2225
590 _aBATCH-UPD
_b10
_c20130410
_lUCH01
_h0149
590 _aBATCH-UPD
_b10
_c20130914
_lUCH01
_h0318
590 _aCONVERSION
_b10
_c20130109
_lUCH01
_h1328
650 1 4 _aAminoacidos en nutricion animal.
_95342
650 1 4 _aMinerales en nutrición animal.
_975937
650 1 4 _aNutrición animal.
650 1 4 _aVitaminas en nutrición animal.
_9120022
700 0 _aBaker, David H.
_99533
700 0 _aLewis, Austin J.
_966502
901 _aBK
942 _cLIBRO
949 _a636.085 A53
_bBC
_cLIBRO
_d33724000088886
_eLIBRO
_gI. 180356
_h89696
_i56469
_si
_t476.00
999 _c51347
_d51347